000 00751nam a2200277Ia 4500
003 OSt
005 20220918170304.0
006 a|||||r|||| 00| 0
007 ta
008 220917b |||||||| |||| 00| 0 eng d
020 _a9780192836527
024 _a226,977
037 _cTextual
040 _aARTS
_cARTS
_beng
041 _2eng
_aeng
082 _aO12,3D01,1, 111N7
100 _aPetronius
_928140
245 0 _aThe satyricon
260 _aNew York
_bOxford Univ. press USA
_c1997
300 _aliii, 212p
_ccm.
490 _aOxford world's classics
650 _aENGLISH LITERATURE
700 _a Walsh P.G. Tr.
942 _hO12,3D01,1, 111N7
_cTEXL
_2CC
999 _c133442
_d133442